[Event "POL-chT4 Kujawsko-Pomorskie 1516"]
[Site "Poland"]
[Date "2016.04.03"]
[Round "11"]
[White "Bieluszewski, Henryk"]
[Black "Kaminski, Damian"]
[Result "1/2-1/2"]
[WhiteElo "1779"]
[BlackElo "1821"]
[PlyCount "80"]
[EventDate "2015.11.08"]
[EventType "team-tourn"]
[EventRounds "11"]
[EventCountry "POL"]
[SourceTitle "EXT 2019"]
[Source "ChessBase"]
[SourceDate "2018.10.10"]
[SourceVersion "1"]
[SourceVersionDate "2018.10.10"]
[SourceQuality "1"]

1. b3 Nf6 2. Bb2 g6 3. c4 Bg7 4. Nf3 0-0 5. e3 d6 6. d4 c5 7. d5 a5 8. a4 Na6 9. Be2 Nb4 10. Bc3 Bf5 11. Na3 Ne4 12. Bxg7 Kxg7 13. Qc1 e6 14. Qb2+ Qf6 15. Qxf6+ Kxf6 16. dxe6 fxe6 17. Nh4 g5 18. Nxf5 exf5 19. Rd1 Rad8 20. Bf3 Nc3 21. Rd2 Rf7 22. 0-0 g4 23. Be2 Re7 24. g3 Nc6 25. Rc1 Nxe2+ 26. Rxe2 Nd4 27. Rb2 Nf3+ 28. Kg2 h5 29. h4 b6 30. Rd1 Red7 31. Rd5 Rc8 32. Nb5 Rc6 33. Rb1 Ne5 34. Rbd1 Ke7 35. Nc3 Kf6 36. R5d2 Nf3 37. Nd5+ Kf7 38. Rd3 Ne5 39. R3d2 Nf3 40. Rd3 Ne5 1/2-1/2

[Event "POL-chT4 Kujawsko-Pomorskie 1516"]
[Site "Poland"]
[Date "2016.02.28"]
[Round "8"]
[White "Kaminski, Damian"]
[Black "Tarnowski, Marian"]
[Result "1/2-1/2"]
[WhiteElo "1821"]
[BlackElo "1776"]
[PlyCount "89"]
[EventDate "2015.11.08"]
[EventType "team-tourn"]
[EventRounds "11"]
[EventCountry "POL"]
[SourceTitle "EXT 2019"]
[Source "ChessBase"]
[SourceDate "2018.10.10"]
[SourceVersion "1"]
[SourceVersionDate "2018.10.10"]
[SourceQuality "1"]

1. d4 Nf6 2. Nf3 d6 3. c3 g6 4. Bg5 Bg7 5. Nbd2 0-0 6. e3 c6 7. Bd3 Nbd7 8. Qc2 Qc7 9. h4 h5 10. Qb3 d5 11. Qc2 Qd8 12. 0-0-0 Qe8 13. Rdg1 Ng4 14. Nf1 e5 15. dxe5 Ndxe5 16. Nxe5 Nxe5 17. Bf4 Nxd3+ 18. Qxd3 Bf5 19. Qd1 Qe6 20. Qb3 Qd7 21. f3 Rfe8 22. Ng3 Be5 23. Nxf5 Bxf4 24. g4 Rxe3 25. Nxe3 Bxe3+ 26. Kd1 Bxg1 27. Rxg1 hxg4 28. fxg4 Re8 29. h5 g5 30. Qa4 Re4 31. Qxa7 Rxg4 32. Qb8+ Kh7 33. Rf1 Qe7 34. Qc8 Rf4 35. Re1 Re4 36. Qf5+ Kh6 37. Rg1 Re5 38. Qc8 Kh7 39. h6 Re6 40. b4 Rxh6 41. Qf5+ Rg6 42. Rh1+ Kg7 43. Qc8 Rh6 44. Re1 Re6 45. Rh1 1/2-1/2

[Event "POL-chT3 Kujawsko Pomorskie 1011"]
[Site "Poland"]
[Date "2011.01.09"]
[Round "4.8"]
[White "Kaminski, Damian"]
[Black "Tarnowski, Marian"]
[Result "1-0"]
[WhiteElo "1816"]
[BlackElo "1822"]
[PlyCount "95"]
[EventDate "2010.11.07"]
[EventType "team-tourn"]
[EventRounds "11"]
[EventCountry "POL"]
[SourceTitle "EXT 2019"]
[Source "ChessBase"]
[SourceDate "2018.10.10"]
[SourceVersion "1"]
[SourceVersionDate "2018.10.10"]
[SourceQuality "1"]

1. d4 Nf6 2. Nf3 g6 3. c3 Bg7 4. Bg5 Ne4 5. Bh4 d6 6. e3 Nd7 7. Bd3 Nef6 8. Nbd2 c5 9. Qc2 b6 10. h3 Bb7 11. Rg1 Rc8 12. g4 cxd4 13. exd4 Nd5 14. Bc4 Qc7 15. Qb3 e6 16. Bg3 Ne7 17. Ng5 Bd5 18. Bxd5 Nxd5 19. Nde4 Bf8 20. 0-0-0 Qc6 21. Rge1 Be7 22. f4 0-0 23. h4 b5 24. f5 N7b6 25. fxe6 f6 26. Nf7 Nc4 27. h5 g5 28. Nh6+ Kh8 29. Nf5 a5 30. Nxe7 Nxe7 31. Nd2 a4 32. Qc2 a3 33. Nxc4 Qxc4 34. Bxd6 axb2+ 35. Kxb2 Rfe8 36. Bxe7 Rxe7 37. Qb3 Qc7 38. d5 Qd6 39. Qb4 Rc5 40. Qd4 Kg7 41. h6+ Kg8 42. Rf1 Rc8 43. Qxf6 Ra7 44. Qxg5+ Kh8 45. Qf6+ Kg8 46. Rf2 Qa3+ 47. Kb1 Rxc3 48. Qd8+ 1-0

[Event "Chojnice op-B 6th"]
[Site "Chojnice"]
[Date "2010.07.16"]
[Round "9.5"]
[White "Kaminski, Damian"]
[Black "Kalmuk, Krzysztof"]
[Result "1/2-1/2"]
[WhiteElo "1826"]
[BlackElo "1765"]
[PlyCount "98"]
[EventDate "2010.07.08"]
[EventType "swiss"]
[EventRounds "9"]
[EventCountry "POL"]
[SourceTitle "EXT 2023"]
[Source "ChessBase"]
[SourceDate "2022.10.05"]
[SourceVersion "1"]
[SourceVersionDate "2022.10.05"]
[SourceQuality "1"]

1. d4 Nf6 2. Nf3 d6 3. Bg5 Nbd7 4. Nbd2 g6 5. e3 Bg7 6. Bd3 0-0 7. h4 Qe8 8. Bxf6 Nxf6 9. c3 Bg4 10. Qc2 c6 11. Ng5 e5 12. dxe5 Qxe5 13. Qb3 b5 14. 0-0 a6 15. Rfe1 Rab8 16. Ndf3 Qe7 17. Nh2 Bd7 18. Rad1 h6 19. Ngf3 d5 20. Nf1 Ne4 21. Qc2 f5 22. g3 g5 23. N1d2 Bf6 24. hxg5 hxg5 25. Kg2 Kg7 26. Rh1 Rh8 27. Be2 Rxh1 28. Rxh1 Rh8 29. Rxh8 Kxh8 30. Nxe4 dxe4 31. Nh2 Qe6 32. Qd2 Be5 33. b3 c5 34. c4 b4 35. Kg1 Kg7 36. Qd1 a5 37. Qd2 Kf8 38. Qd1 Ke7 39. Bf1 Be8 40. Bh3 Bg6 41. Qd2 Qd6 42. Qxd6+ Bxd6 43. g4 f4 44. Nf1 Be5 45. Nd2 Bc3 46. Nb1 Bb2 47. Kf1 Bc1 48. Ke2 Bf7 49. Nd2 Bxd2 1/2-1/2

[Event "POL-chT3 Kujawsko Pomorskie 0910"]
[Site "Poland"]
[Date "2009.12.06"]
[Round "3.3"]
[White "Kaminski, Damian"]
[Black "Sobich, Kazimierz"]
[Result "0-1"]
[WhiteElo "1816"]
[BlackElo "1852"]
[PlyCount "94"]
[EventDate "2009.11.08"]
[EventType "team-tourn"]
[EventRounds "11"]
[EventCountry "POL"]
[SourceTitle "EXT 2020"]
[Source "ChessBase"]
[SourceDate "2019.10.17"]
[SourceVersion "1"]
[SourceVersionDate "2019.10.17"]
[SourceQuality "1"]

1. d4 c5 2. c3 e6 3. Nf3 d5 4. Bg5 Qb6 5. Qb3 c4 6. Qxb6 axb6 7. Nbd2 h6 8. Bf4 Nf6 9. Bxb8 Rxb8 10. g3 Bd6 11. Bg2 0-0 12. 0-0 Ra8 13. Rfe1 b5 14. a3 Nd7 15. e4 dxe4 16. Nxe4 Be7 17. Rad1 Nb6 18. Ne5 Rd8 19. f4 Bf8 20. h3 Na4 21. Rd2 Bd7 22. Nxd7 Rxd7 23. Rf2 f5 24. Nd2 Nxb2 25. Rxe6 Nd1 26. Rf3 Rxa3 27. Re8 Rxc3 28. Rxc3 Nxc3 29. Nf3 Ne4 30. Nh4 Kf7 31. Rc8 Nxg3 32. Kh2 Nh5 33. Nxf5 Nxf4 34. Bf3 g6 35. Kg3 Ne6 36. d5 Ng5 37. Ne3 Bd6+ 38. Kg4 Nxf3 39. Kxf3 h5 40. Nc2 Rc7 41. Rh8 Kf6 42. Re8 Re7 43. Rc8 Ke5 44. Rg8 Kxd5 45. Rxg6 Rf7+ 46. Ke2 Bf4 47. Kf3 Bc1+ 0-1

[Event "POL-chT3 Kujawsko Pomorskie 0809"]
[Site "Poland"]
[Date "2009.01.25"]
[Round "6.4"]
[White "Sobich, Kazimierz"]
[Black "Kaminski, Damian"]
[Result "1-0"]
[WhiteElo "1815"]
[BlackElo "1819"]
[PlyCount "107"]
[EventDate "2008.11.09"]
[EventType "team-tourn"]
[EventRounds "11"]
[EventCountry "POL"]
[SourceTitle "EXT 2019"]
[Source "ChessBase"]
[SourceDate "2018.10.10"]
[SourceVersion "1"]
[SourceVersionDate "2018.10.10"]
[SourceQuality "1"]

1. d4 Nf6 2. d5 c5 3. c4 b5 4. cxb5 a6 5. bxa6 Bxa6 6. Nc3 g6 7. g3 d6 8. Bg2 Bg7 9. Nf3 0-0 10. 0-0 Ra7 11. Re1 Nbd7 12. e4 Ne8 13. Bf1 Bxf1 14. Kxf1 Nc7 15. Qc2 Qa8 16. Re2 Rb8 17. a3 Nb6 18. Nd2 e6 19. dxe6 Nxe6 20. Nf3 f5 21. Kg1 fxe4 22. Rxe4 Nd4 23. Nxd4 Bxd4 24. Nb5 d5 25. Re2 Ra4 26. Nxd4 Rxd4 27. Bf4 Rc8 28. b3 Qc6 29. Rae1 Rxf4 30. gxf4 Qd7 31. Re6 Na8 32. f3 Nc7 33. Re7 Qf5 34. Qxf5 gxf5 35. Kf2 d4 36. Rg1+ Kh8 37. Re5 Nb5 38. a4 Nd6 39. Rd5 Rc6 40. Rc1 Nb7 41. Rxf5 Rb6 42. Rg1 h6 43. Rf8+ Kh7 44. Rf7+ Kh8 45. Rfg7 h5 46. R7g5 Kh7 47. Rxh5+ Rh6 48. Rxh6+ Kxh6 49. f5 Kh7 50. f6 Nd6 51. Rg7+ Kh8 52. Rd7 c4 53. Rxd6 c3 54. Rxd4 1-0

[Event "Chojnice op-B 4th"]
[Site "Chojnice"]
[Date "2008.07.15"]
[Round "5"]
[White "Kaminski, Damian"]
[Black "Sobkowski, Krzysztof"]
[Result "1-0"]
[WhiteElo "1786"]
[BlackElo "1558"]
[PlyCount "133"]
[EventDate "2008.07.12"]
[EventType "swiss"]
[EventRounds "9"]
[EventCountry "POL"]
[SourceTitle "EXT 2018"]
[Source "ChessBase"]
[SourceDate "2017.10.13"]
[SourceVersion "1"]
[SourceVersionDate "2017.10.13"]
[SourceQuality "1"]

1. d4 d5 2. Nf3 Nf6 3. Bg5 e6 4. Nbd2 Be7 5. e3 0-0 6. c3 Nbd7 7. Bd3 c5 8. Qc2 h6 9. Bh4 c4 10. Be2 b5 11. e4 dxe4 12. Nxe4 Bb7 13. Nxf6+ Nxf6 14. 0-0 Qc7 15. Bg3 Bd6 16. Bxd6 Qxd6 17. Ne5 Nd7 18. f4 Qe7 19. Rae1 Nxe5 20. fxe5 Qg5 21. Bf3 Bxf3 22. Rxf3 a5 23. Rg3 Qe7 24. Rf1 f5 25. exf6 Rxf6 26. Rxf6 Qxf6 27. Rf3 Qe7 28. Qe4 Rf8 29. Rxf8+ Kxf8 30. Qa8+ Kf7 31. Qxa5 Qg5 32. Qc7+ Kf8 33. Qb8+ Kf7 34. Qb7+ Kf8 35. Qf3+ Kg8 36. Qd1 Qe3+ 37. Kh1 Qf2 38. Qc1 Qe2 39. h3 e5 40. dxe5 Qxe5 41. Qd2 Kh8 42. b3 cxb3 43. axb3 Qf5 44. Kh2 Qe5+ 45. g3 Qc5 46. b4 Qc4 47. Kg1 Qe4 48. Kh2 Qc4 49. h4 Qe4 50. h5 Qf5 51. Qd8+ Kh7 52. Qd1 Kh8 53. Qe2 Qd5 54. g4 Qd6+ 55. Kg2 Qc6+ 56. Qf3 Qc4 57. Kh3 Qc8 58. Qd3 Qc6 59. Qd4 Qh1+ 60. Kg3 Qe1+ 61. Kf4 Qc1+ 62. Ke5 Qg5+ 63. Kd6 Qd8+ 64. Kc6 Qb8 65. Qd7 Qe5 66. Qc8+ Kh7 67. Qf5+ 1-0

[Event "Chojnice op-B 4th"]
[Site "Chojnice"]
[Date "2008.07.13"]
[Round "2"]
[White "Wodzynski, Michal"]
[Black "Kaminski, Damian"]
[Result "1-0"]
[WhiteElo "1929"]
[BlackElo "1786"]
[PlyCount "79"]
[EventDate "2008.07.12"]
[EventType "swiss"]
[EventRounds "9"]
[EventCountry "POL"]
[SourceTitle "EXT 2018"]
[Source "ChessBase"]
[SourceDate "2017.10.13"]
[SourceVersion "1"]
[SourceVersionDate "2017.10.13"]
[SourceQuality "1"]

1. e4 c5 2. Nf3 Nc6 3. d4 cxd4 4. Nxd4 g6 5. c4 Bg7 6. Be3 Nf6 7. Nc3 d6 8. Be2 Bd7 9. 0-0 0-0 10. Qd2 Re8 11. h3 Rc8 12. Rac1 a6 13. f4 Nxd4 14. Bxd4 Bc6 15. Qe3 Nd7 16. Bxg7 Kxg7 17. Bg4 Rb8 18. Bxd7 Qxd7 19. f5 b5 20. Rf4 g5 21. Rf2 f6 22. h4 h6 23. Ne2 bxc4 24. Nd4 Rg8 25. Rxc4 Ba8 26. Rc7 Qe8 27. Ne6+ Kh8 28. Qa7 Rb7 29. Rxb7 Bxb7 30. Qxb7 gxh4 31. Nf4 Rg7 32. Ng6+ Kh7 33. Rc2 Qa4 34. Rc8 Qd4+ 35. Kh2 Rxg6 36. fxg6+ Kxg6 37. Qd5 Qxd5 38. exd5 Kf5 39. b4 Ke5 40. a4 1-0

[Event "Kowalewo Pomorskie op-B"]
[Site "Kowalewo Pomorskie"]
[Date "2007.07.04"]
[Round "2.6"]
[White "Kaminski, Damian"]
[Black "Andrearczyk, Pawel"]
[Result "0-1"]
[WhiteElo "1792"]
[BlackElo "1924"]
[PlyCount "96"]
[EventDate "2007.07.04"]
[EventType "swiss"]
[EventRounds "9"]
[EventCountry "POL"]
[SourceTitle "EXT 2023"]
[Source "ChessBase"]
[SourceDate "2022.10.05"]
[SourceVersion "1"]
[SourceVersionDate "2022.10.05"]
[SourceQuality "1"]

1. d4 d5 2. Nf3 Nf6 3. Bg5 e6 4. Nbd2 Be7 5. e3 0-0 6. c3 c5 7. Bd3 Nbd7 8. h4 Re8 9. Bxf6 Bxf6 10. g4 h6 11. Qc2 e5 12. dxe5 Nxe5 13. Nxe5 Bxe5 14. Bf5 Qf6 15. 0-0-0 Bxf5 16. gxf5 d4 17. c4 d3 18. Qb3 Qxf5 19. Rdf1 Rec8 20. f4 Bf6 21. e4 Qd7 22. e5 Be7 23. Rf3 Rd8 24. Rhh3 Qg4 25. Qxb7 Bxh4 26. Qe4 Rab8 27. Rxd3 Rd4 28. Rxd4 Qxh3 29. Rd3 Qg4 30. Kc2 Bg3 31. Qf3 Qxf3 32. Rxf3 Bh4 33. Ne4 Be7 34. Kc3 f5 35. Ng3 g6 36. Rd3 Rb7 37. Nf1 Kf7 38. Ne3 Ke6 39. Nd5 Rd7 40. Rh3 Bf8 41. a3 Bg7 42. b4 cxb4+ 43. axb4 g5 44. Re3 g4 45. Re1 Bf8 46. Ra1 Rxd5 47. cxd5+ Kxd5 48. Re1 h5 0-1

[Event "POL-chT3 0607"]
[Site "Poland"]
[Date "2007.04.01"]
[Round "11.23"]
[White "Kaminski, Damian"]
[Black "Wierzbicki, Slawomir"]
[Result "1/2-1/2"]
[WhiteElo "1794"]
[BlackElo "1978"]
[PlyCount "69"]
[EventDate "2006.11.12"]
[EventType "team"]
[EventRounds "11"]
[EventCountry "POL"]
[SourceTitle "EXT 2009"]
[Source "ChessBase"]
[SourceDate "2008.11.26"]
[SourceVersion "1"]
[SourceVersionDate "2008.11.26"]
[SourceQuality "1"]

1. d4 Nf6 2. Nf3 c5 3. c3 g6 4. Bf4 Bg7 5. e3 Qb6 6. Qc2 0-0 7. Nbd2 d5 8. dxc5 Qxc5 9. Bd3 Nbd7 10. h4 Ng4 11. Nb3 Qb6 12. Nh2 Nge5 13. Be2 Nc6 14. Ng4 e5 15. Bh6 f5 16. Bxg7 Kxg7 17. Nh2 Nf6 18. Nf1 Be6 19. Ng3 Rac8 20. h5 f4 21. Nf1 Bf5 22. Qd1 Rfd8 23. g4 fxe3 24. fxe3 Be4 25. Rh3 Bg2 26. Rg3 Bxf1 27. Kxf1 Ne4 28. Rf3 Ng5 29. Rg3 Rf8+ 30. Kg2 Ne4 31. h6+ Kxh6 32. Rh3+ Kg7 33. Qxd5 Nf6 34. Qc5 Qxc5 35. Nxc5 1/2-1/2

[Event "KPZS-ch"]
[Site "Sepolno Kraj"]
[Date "2006.06.30"]
[Round "9"]
[White "Wruck, Wieslaw"]
[Black "Kaminski, Damian"]
[Result "1-0"]
[WhiteElo "1948"]
[BlackElo "1800"]
[PlyCount "75"]
[EventDate "2006.06.24"]
[EventType "swiss"]
[EventRounds "9"]
[EventCountry "POL"]
[SourceTitle "EXT 2007"]
[Source "ChessBase"]
[SourceDate "2006.11.23"]
[SourceVersion "1"]
[SourceVersionDate "2006.11.23"]
[SourceQuality "1"]

1. g3 d5 2. Bg2 Nf6 3. Nf3 Bg4 4. h3 Bxf3 5. Bxf3 c6 6. 0-0 e6 7. d3 Bd6 8. Nd2 Qc7 9. e4 Nbd7 10. a4 h5 11. h4 Ne5 12. d4 Nxf3+ 13. Qxf3 Ng4 14. e5 Be7 15. Qe2 g5 16. hxg5 Bxg5 17. Nf3 Be7 18. Kg2 0-0-0 19. Ng5 Bxg5 20. Bxg5 Rdg8 21. Bh4 Qb6 22. c3 c5 23. a5 Qc7 24. b4 c4 25. b5 Qd7 26. Qb2 Rg6 27. Qb4 Nh6 28. Rh1 Ng4 29. Be7 Kb8 30. Rh4 f5 31. Rah1 Rgh6 32. Bg5 R6h7 33. f3 Qg7 34. Qd6+ Ka8 35. Bf4 Nh6 36. Rxh5 Rg8 37. Rxh6 Rxh6 38. Rxh6 1-0

[Event "KPZS-ch"]
[Site "Sepolno Kraj"]
[Date "2006.06.28"]
[Round "7"]
[White "Kaminski, Damian"]
[Black "Starzynski, Waldemar"]
[Result "1/2-1/2"]
[WhiteElo "1800"]
[BlackElo "1916"]
[PlyCount "27"]
[EventDate "2006.06.24"]
[EventType "swiss"]
[EventRounds "9"]
[EventCountry "POL"]
[SourceTitle "EXT 2007"]
[Source "ChessBase"]
[SourceDate "2006.11.23"]
[SourceVersion "1"]
[SourceVersionDate "2006.11.23"]
[SourceQuality "1"]

1. d4 e6 2. Nf3 b6 3. Bg5 Be7 4. Bxe7 Qxe7 5. c3 Bb7 6. Nbd2 Nf6 7. e3 c5 8. Rc1 Nc6 9. Bd3 0-0 10. Bb1 e5 11. dxc5 bxc5 12. Ne4 Nxe4 13. Bxe4 Rfd8 14. Bd5 1/2-1/2